[Event "All India GP Rapid-ch 2019"]
[Site "Tamil Nadu"]
[Date "2019.11.17"]
[Round "3.5"]
[White "Suganthan S"]
[Black "Maheswaran, P.."]
[Result "1/2-1/2"]
[WhiteElo "1885"]
[BlackElo "2337"]
[Annotator "TA"]
[PlyCount "39"]
[EventDate "2019.11.17"]
[EventType "rapid"]
[EventCountry "IND"]
[SourceTitle "playchess.com"]
[Source "ChessBase"]
[SourceQuality "1"]

{[%evp 11,39,-15,-15,-6,0,0,-1,-5,4,0,82,75,75,80,89,91,93,88,100,74,98,91,94,87,85,80,79,78,139,141]} 1. e4 e5 2. Nf3 Nc6 3. Bb5 Nf6 4. Qe2 Bc5 5. c3 O-O 6. O-O Re8 7. d3 {C65: Ruy Lopez: Berlin Defence (3...Nf6), unusual lines and 4 0-0 Bc5} d5 (7... a6 8. Ba4 b5 9. Bb3 d6 10. h3 h6 11. Rd1 Bb6 12. Nbd2 Ne7 13. Nf1 Ng6 14. Be3 Bxe3 15. fxe3 c6 16. Ng3 {1-0 (43) Bortnyk,O (2581)-Jakovenko,D (2704) Doha 2016}) 8. Bg5 a6 9. Ba4 {The position is equal.} b5 10. Bb3 d4 {[#]} (10... dxe4 $11 11. dxe4 Na5) 11. Bd5 $1 $16 {[%cal Rd5c6][%mdl 512]} Qd6 (11... Nxd5 12. Bxd8) 12. Bxf6 $146 ({Predecessor:} 12. Bxc6 Qxc6 13. cxd4 Bxd4 14. Nxd4 exd4 15. Rc1 Qd6 16. Bxf6 gxf6 {1-0 (38) Pietruske,S-Mueller,J DDR 1977}) 12... Qxf6 13. Rc1 {aiming for Bxc6.} Bd7 14. cxd4 Bxd4 {[#]} 15. Bxc6 $1 Bxc6 16. Nxd4 exd4 17. Nd2 Qd6 18. Qf3 Bd7 19. Qg3 Qxg3 ({Better is} 19... f5) 20. hxg3 {Accuracy: White = 91%, Black = 45%.} 1/2-1/2

[Event "All India GP Rapid-ch 2019"]
[Site "Tamil Nadu"]
[Date "2019.11.17"]
[Round "4.1"]
[White "Aravindh, Chithambaram Vr."]
[Black "Sivaraj, M.."]
[Result "1-0"]
[WhiteElo "2546"]
[BlackElo "1993"]
[Annotator "TA"]
[PlyCount "55"]
[EventDate "2019.11.17"]
[EventType "rapid"]
[EventCountry "IND"]
[SourceTitle "playchess.com"]
[Source "ChessBase"]
[SourceQuality "1"]

{[%evp 19,55,22,20,0,3,-4,12,12,52,22,22,14,15,5,4,0,8,0,33,35,29,32,116,128,344,332,314,325,323,310,316,315,741,725,814,814,814,807]} 1. e4 c5 2. Nf3 d6 3. Bb5+ Bd7 4. Bxd7+ Qxd7 5. O-O Nc6 6. c4 g6 7. d4 cxd4 8. Nxd4 Bg7 9. Nc2 Nf6 10. Nc3 O-O 11. f3 {B52: Sicilian: Moscow Variation with 3...Bd7} (11. Bg5 h6 12. Bh4 Qg4 13. Bxf6 Qxd1 14. Rfxd1 Bxf6 15. Nd5 Bg7 16. Rab1 Rac8 17. b3 Rfd8 18. f4 e6 {½-½ (44) Bocharov,I (2511)-Amonatov,F (2624) Astana 2017}) 11... Rac8 12. Rb1 Ne5 $146 ({Predecessor:} 12... a6 13. Be3 Ne5 14. b3 b5 15. Nd5 Nxd5 16. cxd5 Rc3 {½-½ (50) Kramaley,D (1849)-Dias,S (1693) Nottingham 2018}) 13. b3 $1 {The position is equal.} Nc6 14. Bb2 e6 15. Ne3 a6 16. Qd3 Rfd8 17. Rbd1 Qc7 18. Qe2 Rd7 19. Kh1 Ne8 20. f4 Ne7 (20... Rdd8 $14) 21. f5 $16 {[#] fxe6 is the strong threat.} exf5 $2 (21... Nc6 $16) 22. Ncd5 $18 ({Resist} 22. exf5 Qd8 $18) 22... Nxd5 23. Nxd5 Qd8 24. exf5 Bxb2 25. Qxb2 Qg5 $2 (25... Rc5 26. Qc3 Re7 27. Nxe7+ Qxe7) 26. Rde1 {White is clearly winning.} Rcd8 {[#]} 27. Rxe8+ $1 {[%mdl 576] Remove Defender, Decoy} Rxe8 28. Nf6+ {Accuracy: White = 60%, Black = 31%.} 1-0

[Event "All India GP Rapid-ch 2019"]
[Site "Tamil Nadu"]
[Date "2019.11.17"]
[Round "4.3"]
[White "Shyaamnikhil, P."]
[Black "Sa, Kannan"]
[Result "1-0"]
[WhiteElo "2413"]
[BlackElo "2059"]
[Annotator "TA"]
[PlyCount "51"]
[EventDate "2019.11.17"]
[EventType "rapid"]
[EventCountry "IND"]
[SourceTitle "playchess.com"]
[Source "ChessBase"]
[SourceQuality "1"]

{[%evp 9,53,18,57,13,41,-17,-21,-41,-13,-19,-14,-14,-8,-15,34,27,61,-10,74,74,74,74,74,74,106,101,96,96,213,201,206,203,214,214,512,499,580,578,701,669,789,790,1060,1059,1059,1024]} 1. e4 c5 2. Nc3 b6 (2... d6 3. Nge2 Nf6 4. f3 d5 5. exd5 Nxd5 6. Nxd5 Qxd5 7. d4 e6 8. Be3 cxd4 9. Qxd4 Qxd4 10. Nxd4 Bc5 11. O-O-O Nc6 {0-1 (64) Kovalenko,I (2674)-Vachier Lagrave,M (2774) Khanty-Mansiysk 2019}) 3. f4 Bb7 4. Nf3 g6 5. Bc4 Bg7 6. O-O {B23: Closed Sicilian: Lines without g3} Nc6 $1 7. e5 $146 (7. d3 $14) ({Predecessor:} 7. d3 a6 8. a3 e6 9. f5 Nd4 10. fxe6 dxe6 11. Nxd4 Qxd4+ 12. Kh1 {1-0 (52) Herb,S (2133)-Berisha,R Bayern 2014}) 7... Nh6 $11 8. Bd5 {The position is equal.} O-O 9. d4 cxd4 10. Nxd4 e6 11. Bf3 d5 12. Ncb5 Qe7 13. g4 ({White should try} 13. Re1 $14) 13... Kh8 (13... Nxd4 $11 {remains equal.} 14. Nxd4 f6) 14. Be3 Nxd4 15. Nxd4 Ng8 16. g5 Qd7 17. h4 Ne7 18. h5 {Black must now prevent h6.} h6 (18... Rfe8 $16 {keeps fighting.}) 19. hxg6 fxg6 20. Bg4 Nf5 21. Bxf5 exf5 $2 {[#]} (21... gxf5 {was necessary.} 22. gxh6 Bxh6) 22. gxh6 $18 {White is clearly winning.} Bxh6 23. Kf2 Kg7 24. Rh1 Rh8 25. e6 Qe7 {[#]} 26. Qd3 {Played: Nd4xf5} 1-0

[Event "All India GP Rapid-ch 2019"]
[Site "Tamil Nadu"]
[Date "2019.11.17"]
[Round "4.4"]
[White "Harini, S.."]
[Black "Laxman, R.R."]
[Result "1-0"]
[WhiteElo "2021"]
[BlackElo "2403"]
[Annotator "TA"]
[PlyCount "146"]
[EventDate "2019.11.17"]
[EventType "rapid"]
[EventCountry "IND"]
[SourceTitle "playchess.com"]
[Source "ChessBase"]
[SourceQuality "1"]

{[%evp 21,146,13,19,13,17,-10,-8,-29,103,102,116,110,109,114,127,108,250,181,164,176,170,82,71,87,84,85,85,74,72,84,80,82,74,64,64,64,58,0,4,4,6,4,4,4,4,0,0,0,6,8,14,2,14,0,0,0,0,0,0,0,0,0,0,0,0,0,0,0,0,0,0,0,36,0,0,0,0,0,0,0,0,0,70,37,106,82,186,159,258,272,278,197,254,13,140,147,391,394,397,371,637,626,611,579,787,731,734,670,5746,572,773,725,899,889,883,875,836,821,1886,1894,1796,1643,1675,1530,29980,29981,29981]} 1. e4 e5 2. Nf3 Nc6 3. Bb5 a6 4. Ba4 Nf6 5. O-O Be7 6. Re1 b5 7. Bb3 O-O 8. a4 b4 9. d3 d6 10. h3 Na5 11. Ba2 c5 12. Nbd2 {C88: Closed Ruy Lopez: Anti-Marshall Systems} (12. Bg5 Be6 13. Bxf6 Bxf6 14. Nbd2 Bxa2 15. Rxa2 d5 16. b3 g6 17. Qe2 Re8 18. Raa1 Bg7 19. Rad1 Qd7 {0-1 (45) Moradiabadi,E (2546)-Chirila,I (2566) chess.com INT 2019}) 12... Be6 13. Bxe6 fxe6 14. Nc4 {The position is equal.} Nc6 $146 (14... Nxc4 $11 {remains equal.} 15. dxc4 h6) ({Predecessor:} 14... h6 15. Nxa5 Qxa5 16. Nh2 Qc7 17. f4 exf4 18. Bxf4 e5 19. Bd2 Nh7 {1-0 (51) Kos,T (2295)-Rusjan,D (2155) Bled 1996}) 15. Ng5 $1 $16 {[%cal Rg5e6]} Re8 16. Nxe6 Qd7 17. Ng5 ({Don't play} 17. Nxg7 $6 Kxg7 18. Nb6 (18. Qd2 $2 Qe6 $17) 18... Qe6 $11) 17... Rab8 18. a5 Nd4 (18... Bd8 $16) 19. c3 bxc3 20. bxc3 Nb3 21. Nb6 (21. Rb1 $18 {and White stays clearly on top.} Nxc1 22. Qxc1 (22. Rxc1 h6 $16)) 21... Rxb6 22. axb6 Nxa1 23. Be3 h6 24. Nf3 Rb8 25. Qxa1 Rxb6 26. Qa2+ Kh7 27. Qf7 Bd8 28. Qxd7 Nxd7 29. d4 (29. Nd2 $14) 29... cxd4 30. cxd4 Rb4 31. dxe5 Nxe5 32. Nxe5 dxe5 $11 {[%mdl 4096] Endgame KRB-KRB} 33. Ra1 a5 34. Bd2 Rb5 35. Kf1 Kg6 36. Ke2 Kf7 37. Kd3 Bb6 38. Kc4 Rb2 39. Kd3 Bc5 40. Bxa5 Rxf2 41. Rc1 Bd4 42. Rc7+ Kg6 43. Rc6+ Kh7 44. Rc2 Rf1 45. Kc4 Kg6 46. Kd5 Kg5 47. Bd8+ Kf4 48. Rc7 {Black must now prevent Rf7+.} Rd1 {Threatens to win with ...Ba1+.} 49. Rf7+ Ke3 {And now ...Bb2+ would win.} 50. Rf3+ Ke2 {Strongly threatening ...Ba1+.} 51. Ke6 Be3 (51... Rg1 $11) 52. Bc7 Rf1 (52... g5 $1 $14) 53. Rg3 ({Of course not} 53. Bxe5 $6 Rxf3 54. gxf3 Kxf3 $11) 53... Rf6+ (53... g5 $16 {was necessary.}) 54. Kd5 $18 g5 (54... Bf4 $16 {might work better.} 55. Rxg7 Ra6) 55. Bxe5 Ra6 56. Bg7 h5 (56... Bf4 $142 57. Rf3 Rd6+ 58. Kc5 Rd7) 57. Rf3 $2 (57. e5 $1 $18) 57... Ra5+ (57... g4 $1 $11 {keeps the balance.} 58. Rf5 Bf2) 58. Ke6 $16 Kd3 $2 (58... Bf2 $16 59. Rf5 Ra6+ 60. Kf7 g4) 59. e5 $18 Ke4 60. Rf1 Ra6+ $2 (60... Bc5 61. Re1+ Kd3) 61. Kf7 Ra7+ 62. Kg6 Ra6+ 63. Kxh5 Bf4 64. Re1+ Kf5 {[#]} 65. g4+ (65. e6 $142 $1 Bd6 (65... Rxe6 66. g4#) 66. e7 Bxe7 67. Rxe7) 65... Ke6 66. Rb1 Ra3 67. Rb6+ Kf7 68. Rb7+ Ke6 69. Kg6 Rxh3 70. Rb6+ Kd5 71. e6 Bd6 {[#]} 72. Kf7 $1 Bc5 73. Rb5 Rg3 {Accuracy: White = 61%, Black = 33%.} 1-0

[Event "All India GP Rapid-ch 2019"]
[Site "Tamil Nadu"]
[Date "2019.11.17"]
[Round "4.5"]
[White "Srihari L R"]
[Black "Murali Krishnan B T"]
[Result "1-0"]
[WhiteElo "2286"]
[BlackElo "2197"]
[Annotator "TA"]
[PlyCount "63"]
[EventDate "2019.11.17"]
[EventType "rapid"]
[EventCountry "IND"]
[SourceTitle "playchess.com"]
[Source "ChessBase"]
[SourceQuality "1"]

{[%evp 9,65,27,34,36,29,29,27,27,40,29,36,4,46,41,56,49,49,45,66,56,73,56,43,0,25,16,10,-10,0,-51,0,0,38,42,93,64,326,317,369,230,364,353,365,353,340,333,338,345,1079,1104,1079,985,2367,2359,2077,2031,29995,29996]} 1. Nf3 d5 2. c4 e6 3. b3 Nf6 4. Bb2 a5 5. Nc3 Be7 6. e3 {A13: English Opening: 1...e6} O-O 7. Be2 (7. Qc2 Na6 8. a3 Nc5 9. d4 Nce4 10. Nxe4 Nxe4 11. Bd3 f5 12. O-O c6 13. a4 Bd7 14. Ba3 Bxa3 15. Rxa3 {½-½ (112) Grachev,B (2626)-Geller,J (2518) St Petersburg 2018}) 7... b6 8. O-O {White has an edge.} Bb7 9. Qc2 $146 ({Predecessor:} 9. Rc1 Nbd7 10. Qc2 c5 11. Rfd1 Rc8 12. Nb5 Ne4 13. a4 {1-0 (32) Ftacnik,L (2512)-Ginsburg,G (2418) Germany 2018}) 9... c5 10. cxd5 exd5 11. d4 Nbd7 12. Rfd1 Rc8 13. Rac1 Bd6 14. Qb1 Bb8 15. dxc5 bxc5 16. h3 Qe7 17. Qf5 {[%cal Rc3d5]} Nb6 18. Nb5 d4 19. Bd3 (19. Nfxd4 $11 cxd4 20. Ba3) 19... Nbd5 (19... h6 $1 $15 20. Nh4 Be4 21. Bxe4 Nxe4) 20. Re1 $1 $36 {[%mdl 2048] Black is under pressure.} g6 21. Qg5 Qd8 ({Better is} 21... dxe3 $14 22. fxe3 Nd7) 22. Rcd1 dxe3 $2 {[%mdl 8192]} ({Black should play} 22... Nh5 $14) 23. fxe3 $18 Qb6 24. e4 ({Resist} 24. Qh6 c4 $18) 24... c4+ (24... Bf4 $142 25. Qh4 Nh5) 25. Bd4 Qxb5 26. bxc4 {[%mdl 64] Pin} ({Don't take} 26. exd5 Nh5 $18) 26... Qd7 {If Black can now play ...Nxe4! this consolidates a bit.} 27. exd5 Nh5 28. Ne5 Qd6 $2 (28... Bxe5 29. Qxe5 f6) 29. Ng4 {[%cal Rg4h6]} f6 {[#]} 30. Bxg6 $1 {[%mdl 512]} hxg6 31. Qxg6+ Ng7 32. Re4 {Played: Re1-e6} 1-0

[Event "All India GP Rapid-ch 2019"]
[Site "Tamil Nadu"]
[Date "2019.11.17"]
[Round "5.1"]
[White "Sibi Visal R"]
[Black "Aravindh, Chithambaram Vr."]
[Result "1/2-1/2"]
[WhiteElo "2238"]
[BlackElo "2546"]
[Annotator "TA"]
[PlyCount "204"]
[EventDate "2019.11.17"]
[EventType "rapid"]
[EventCountry "IND"]
[SourceTitle "playchess.com"]
[Source "ChessBase"]
[SourceQuality "1"]

{[%evp 19,204,0,23,0,47,4,45,11,67,19,28,19,63,41,27,29,19,9,102,105,113,22,16,8,55,55,47,44,49,40,76,46,43,19,39,3,3,6,7,0,0,0,26,14,36,0,0,0,0,0,0,0,0,0,0,0,0,0,0,0,0,0,0,0,8,0,0,0,0,0,0,0,0,0,0,0,0,0,0,0,0,0,0,0,0,0,0,0,0,0,0,0,0,0,0,0,0,0,0,0,0,0,0,0,0,0,0,0,0,0,0,0,0,0,0,0,0,0,0,0,0,0,0,0,0,0,0,0,0,0,0,0,0,0,0,0,0,0,0,0,0,0,0,0,0,0,0,0,0,0,0,0,0,0,0,0,0,0,0,0,0,0,0,0,0,0,0,0,0,0,0,0,0,0,0,0,0,0,0,0,0,0,0,0,0,0,0]} 1. c4 Nf6 2. Nc3 e5 3. g3 d5 4. cxd5 Nxd5 5. Bg2 Nb6 6. Nf3 Nc6 7. O-O Be7 8. d3 O-O 9. Be3 Be6 10. a3 a5 11. Qc2 {A29: English Opening: Four Knights Variation with 4 g3} (11. Rc1 f5 12. Na4 e4 13. Ne1 Nd5 14. Bd2 Nf6 15. Nc5 Bxc5 16. Rxc5 Nd4 17. Bg5 Qe7 18. Rc3 Rad8 19. e3 Nb5 {0-1 (42) Georgiev,K (2581)-Indjic,A (2628) Mali Losinj 2019}) 11... f6 12. Rfc1 Qd7 $146 ({Predecessor:} 12... Nd4 13. Bxd4 exd4 14. Nb5 c5 15. Nd2 Qd7 16. a4 Nd5 17. Nc4 Ra6 18. Qd2 Bd8 {0-1 (47) Mendez Acosta,A (1722)-Molina Rodriguez,B (2182) Tenerife 2015}) 13. Na4 {White is slightly better.} (13. Bxb6 $5 cxb6 14. Qa4 $11) 13... Ra6 ({Better is} 13... Nxa4 $1 $11 14. Qxa4 Rfd8) 14. Nc5 Bxc5 $1 15. Bxc5 Rd8 16. b4 axb4 17. axb4 {[%cal Ba3b4,Bb4b5][%mdl 32] [#] Hoping for Rxa6.} Rxa1 18. Rxa1 Nd5 (18... Re8 $11) 19. b5 $16 Nce7 20. Bxe7 ({White should play} 20. e4 $16) 20... Nxe7 $11 21. Nd2 Bd5 22. Bxd5+ Nxd5 23. Qc4 {[#] And now e4 would win.} Kh8 24. Ne4 Nb6 25. Qc5 h6 26. Rc1 f5 27. Nd2 e4 28. Nc4 exd3 29. Ne5 Qe6 30. Nxd3 Nd5 31. e3 Kh7 32. Nf4 Nxf4 {The position is equal.} 33. exf4 {[%mdl 4096] Endgame KQR-KQR} Rd5 34. Qxc7 Rxb5 35. Qc4 Rd5 36. Qb4 b5 37. Re1 Qc6 38. h4 Rc5 39. h5 Qd5 40. Qa5 Rc2 41. Qb6 {Qg6+ is the strong threat.} Rc6 42. Qb8 Ra6 43. Qe5 Qd7 44. Rb1 Rb6 45. Qc5 Rb8 46. Re1 Rc8 47. Qb6 Kh8 48. Re5 Qd1+ 49. Kg2 Qxh5 {Strongly threatening ...Rc1.} 50. Qxb5 Rc1 {[%csl Gc1][%cal Rh5h1]} 51. Qe8+ Qxe8 52. Rxe8+ {KR-KR} Kh7 53. Re5 Kg6 54. Re6+ Kf7 55. Ra6 Rc5 56. Rb6 Rd5 57. Ra6 Ke7 58. Rg6 Kf7 59. Ra6 Rd1 60. Ra5 Ke6 61. Ra6+ Rd6 62. Ra7 Kf6 63. Ra5 $1 Rb6 64. Rc5 Re6 65. Ra5 Rd6 66. Rb5 g5 67. fxg5+ hxg5 68. Ra5 Kg6 69. Rb5 Re6 70. Ra5 Re2 71. Rb5 Rc2 72. Ra5 Kf6 73. Rb5 Rd2 74. Ra5 Ke6 75. Rb5 Rd5 76. Rb6+ Ke5 77. Rb4 Rd4 78. Rb8 Rd5 79. Rb4 g4 80. Ra4 $1 Rd4 81. Ra3 Ke4 82. Re3+ Kd5 83. Ra3 Rd2 84. Re3 $1 Kd4 85. Re8 $1 Ra2 86. Kf1 $1 Ra1+ 87. Kg2 Ra5 88. Re3 Rc5 89. Kf1 Ra5 90. Kg2 Re5 91. Ra3 Re2 92. Kf1 $1 {[%cal Rf1e2]} Rc2 93. Re3 $1 Rc3 94. Re8 Kd5 95. Ke2 Ra3 96. Kf1 Ra4 97. Re3 Re4 98. Ra3 Ke5 99. Rd3 f4 100. gxf4+ Kxf4 101. Kg2 Ra4 102. Rb3 Ke5 {Accuracy: White = 76%, Black = 69%.} 1/2-1/2

[Event "All India GP Rapid-ch 2019"]
[Site "Tamil Nadu"]
[Date "2019.11.17"]
[Round "5.3"]
[White "Harini, S.."]
[Black "Saravana, Krishnan P."]
[Result "0-1"]
[WhiteElo "2021"]
[BlackElo "2304"]
[Annotator "TA"]
[PlyCount "58"]
[EventDate "2019.11.17"]
[EventType "rapid"]
[EventCountry "IND"]
[SourceTitle "playchess.com"]
[Source "ChessBase"]
[SourceQuality "1"]

{[%evp 13,84,0,10,0,0,0,6,0,0,0,0,-10,-19,-7,0,0,6,0,8,-43,-29,-49,-31,-61,-38,-60,-58,-65,-65,-60,-50,-56,-33,-42,-28,-52,-10,-56,-61,-64,-50,-49,-12,-90,-92,-151,-127,-229,-107,-156,-155,-125,-125,-123,0,0,0,-105,-100,-104,-94,-135,-110,-115,-90,-84,-61,-113,-110,-29993,-29994,-29998,-29999]} 1. e4 c6 2. d4 d5 3. exd5 cxd5 4. c4 Nf6 5. Nc3 g6 6. Nf3 Bg7 7. Bg5 Ne4 8. Be3 {B14: Caro-Kann: Panov-Botvinnik Attack with 5...e6 and 5...g6} (8. Nxd5 $2 Nxg5 9. Nxg5 e6 $19) (8. cxd5 {with more complications.} Nxg5 9. Nxg5 Qb6 10. Bb5+ Bd7 11. Bxd7+ Nxd7 12. O-O) (8. Bh4 Nxc3 9. bxc3 O-O 10. cxd5 Qxd5 11. Be2 Nc6 12. O-O e5 13. c4 Qe4 14. Bd3 Qg4 15. h3 Qh5 {½-½ (25) Van Wely,L (2667)-Ragger,M (2672) Brest 2018}) 8... Nxc3 9. bxc3 O-O 10. cxd5 {The position is equal.} Qxd5 11. Be2 Qa5 12. Qc1 Nc6 13. O-O Rd8 14. Rd1 $146 ({Predecessor:} 14. Bg5 Bg4 15. h3 Be6 {½-½ (46) Bogomolow,S (2210)-Orzech,D (2335) Germany 2007}) 14... Bf5 15. Qb2 Qc7 16. Nh4 (16. Rac1 $11) 16... Be6 $15 17. Rab1 b6 18. Bf3 Bd5 (18... Bc4 {seems wilder.} 19. g3 Rac8 20. Rbc1 e6 21. Bg5 f6) 19. Qb5 Bxf3 20. Nxf3 Na5 21. Rbc1 Qc4 22. Qg5 f6 23. Qg4 Rac8 24. Rc2 Qd5 25. Nd2 f5 $36 {[%mdl 2048] Black has the initiative.} 26. Qh4 e5 27. dxe5 Qxe5 28. Bg5 (28. Rcc1 $11) 28... Rd3 $17 29. c4 ({White should play} 29. Rdc1) 29... Re8 {Played: Qe5-e2} 0-1

[Event "All India GP Rapid-ch 2019"]
[Site "Tamil Nadu"]
[Date "2019.11.17"]
[Round "5.4"]
[White "Senthil Maran K"]
[Black "Srihari L R"]
[Result "1-0"]
[WhiteElo "2312"]
[BlackElo "2286"]
[Annotator "TA"]
[PlyCount "77"]
[EventDate "2019.11.17"]
[EventType "rapid"]
[EventCountry "IND"]
[SourceTitle "playchess.com"]
[Source "ChessBase"]
[SourceQuality "1"]

{[%evp 9,76,12,8,8,14,10,16,7,20,10,40,4,25,-7,58,10,25,2,71,69,58,65,68,67,67,62,68,30,31,37,36,14,22,0,0,0,0,0,6,-22,8,8,12,3,8,-98,-70,-77,-60,-47,-63,-43,-21,-13,97,93,88,89,194,75,1031,1016,5581,460,1711,1698,29994,29995,29999]} 1. d4 d5 2. Nf3 Nc6 3. Bf4 Bf5 4. c3 e6 5. e3 Bd6 6. Nbd2 {D02: 1 d4 d5 2 Nf3 sidelines, including 2...Nf6 3 g3 and 2...Nf6 3 Bf4} (6. Bb5 Nge7 7. Ne5 O-O 8. Nd2 f6 9. Nxc6 bxc6 10. Ba4 Bxf4 11. exf4 Qd6 12. Qf3 c5 13. dxc5 Qxc5 {½-½ (36) Javakhishvili,L (2456)-Arabidze,M (2373) Riga 2017}) 6... Nge7 7. Bb5 a6 $146 ({Predecessor:} 7... O-O 8. Bg3 a6 9. Ba4 b5 10. Bc2 Na5 11. e4 dxe4 12. Nxe4 Bxg3 13. hxg3 {1-0 (22) Mustafa,W (2104)-Fassing,D (1699) Frankfurt 2008}) 8. Ba4 {The position is equal.} O-O 9. O-O f6 10. Bb3 Kh8 11. Bxd6 Qxd6 (11... cxd6 $11 12. Re1 Qd7) 12. Qe2 e5 13. e4 dxe4 (13... Bg6 $11 {keeps the balance.}) 14. Nxe4 $16 Bxe4 15. Qxe4 exd4 16. Rad1 {[%cal Rf3d4]} f5 17. Qe2 {[%cal Rf3d4]} Qf6 18. Nxd4 Nxd4 19. Rxd4 Nc6 20. Rd7 Rae8 21. Qh5 Ne5 22. Rd4 ({Much worse is} 22. Rxc7 Qb6 $17) 22... Ng4 23. Qh3 Re2 24. Qg3 Re7 25. h3 Ne5 26. Rfd1 Nc6 27. Rd7 (27. Rd5 $11) 27... f4 $17 28. Qh2 Rxd7 29. Rxd7 Re8 {[%cal Re8e1]} 30. Rd1 h6 31. h4 Re2 (31... Ne5 $11) 32. Qh3 $16 {White wants to mate with Qc8+!} Re8 33. Qd7 Qe5 {[#]} (33... Qe7 $16 {keeps fighting.}) 34. Bc2 $40 {[%mdl 128] White wants a kill.} (34. Qf7 $1 $18 {is more deadly.}) 34... Qe7 $2 {[%mdl 8192]} (34... Kg8 $16) 35. Qf5 $18 {[%csl Gc2][%cal Rf5h7]} g5 36. hxg5 (36. Qg6 $142 Ne5 37. Qxh6+ Kg8 38. Bb3+ Qf7 39. Qxg5+ Kf8 40. Bxf7 Kxf7 41. Rd5) 36... hxg5 (36... Qg7 $142 37. Qxf4 Qxg5) 37. Rd7 Qe1+ {[#]} 38. Kh2 $1 {[%csl Gc2,Gd7][%cal Rf5h7][%mdl 512]} Re7 39. Qf8# {Accuracy: White = 45%, Black = 21%.} 1-0

[Event "All India GP Rapid-ch 2019"]
[Site "Tamil Nadu"]
[Date "2019.11.17"]
[Round "5.5"]
[White "Shyam Sundar, T.."]
[Black "Vaishali R"]
[Result "0-1"]
[WhiteElo "1674"]
[BlackElo "2376"]
[Annotator "TA"]
[PlyCount "87"]
[EventDate "2019.11.17"]
[EventType "rapid"]
[EventCountry "IND"]
[SourceTitle "playchess.com"]
[Source "ChessBase"]
[SourceQuality "1"]

{[%evp 9,87,3,3,3,28,1,21,21,27,21,58,28,33,25,32,17,38,12,19,9,5,0,0,0,-4,-39,-41,-46,-45,-47,0,-19,-6,-28,10,8,10,0,29,20,34,0,0,0,0,0,0,-44,-49,-139,-129,-141,-141,-113,-136,-241,-156,-1447,-1309,-5157,-1767,-1212,-1055,-4915,-5081,-2456,-1764,-29977,-29979,-29979,-29980,-29980,-29975,-29984,-29985,-29985,-29986,-29986,-29987,-29993]} 1. b3 d5 2. Bb2 Nf6 3. e3 Bf5 4. Nf3 Nbd7 (4... e6 5. Be2 h6 6. c4 c6 7. Nc3 Nbd7 8. d4 Ne4 9. Nxe4 Bxe4 10. O-O Bd6 11. h3 O-O 12. Nd2 Bh7 13. a3 Qe7 14. b4 a6 {0-1 (52) Bacrot,E (2695)-Meier,G (2630) chess.com INT 2017}) 5. c4 e6 6. Be2 {A06: Réti Opening:1 Nf3 d5} Bd6 7. O-O O-O 8. Nh4 $146 {The position is equal.} ({Predecessor:} 8. d4 c6 9. Nbd2 Qe7 10. Ne5 Ne4 11. Nxd7 Nxd2 12. Qxd2 Qxd7 13. Bd3 Bxd3 14. Qxd3 h6 15. a4 a5 16. Ba3 Bxa3 17. Rxa3 Qe7 18. c5 e5 19. Raa1 e4 20. Qd2 f5 21. b4 g5 {½-½ (21) Vyletel,S (1766)-Slivka,D (1783) Slovakia 2018}) 8... Bxb1 9. Rxb1 c5 10. cxd5 Nxd5 11. Nf3 Be7 12. d4 Bf6 13. dxc5 Nxc5 14. Bc4 Nb6 15. Qxd8 Rfxd8 16. Bxf6 gxf6 17. Rfd1 Nxc4 18. bxc4 Kf8 19. Rd4 f5 20. Kf1 b6 21. Ne5 Rxd4 22. exd4 $11 {[%mdl 4096] Endgame KRN-KRN} Ne4 23. Ke1 Rc8 {next ...f6 is good for Black.} 24. f3 f6 25. Nd7+ (25. Nd3 {is more complex.} Rxc4 26. fxe4 Rxd4 27. Nf4 Rxe4+ 28. Ne2) 25... Ke7 {[#] And now ...Nd6 would win.} 26. Nxb6 axb6 27. fxe4 fxe4 28. Rxb6 Rxc4 {KR-KR} 29. Ke2 ({White should try} 29. Rb7+ $1 $15 Kd6 30. Rxh7) 29... Rxd4 30. Ke3 Ra4 31. Rb7+ Kd6 32. Rxh7 (32. g4 $17) 32... Ke5 ({Don't take} 32... Rxa2 33. Kxe4 Rxg2 34. Kf3 $17) 33. g4 $2 {[#]} (33. g3 $17) 33... Ra3+ $19 34. Ke2 Rxa2+ (34... Kf4 $142 35. Rf7 Rxa2+ 36. Ke1 f5 37. gxf5 exf5) 35. Ke3 Ra3+ 36. Ke2 Kf4 37. Re7 Ra2+ 38. Ke1 Kxg4 {Black mates.} 39. Rxe6 f5 40. Rg6+ Kf3 41. h4 Ra1+ 42. Kd2 e3+ 43. Kd3 e2 44. Kd4 {Accuracy: White = 25%, Black = 32%.} 0-1